000 00613nam a2200217 4500
010 _a639548
035 _a639548
037 _bCen Lib / Ret
040 _aDPL
_bEN
082 _a310.1
_bKEN
100 _aKendall, Maurice G.
245 _aThe Advanced theory of statistics
_cby Maurice G. Kendall [and] Alan Stuart
250 _a5th ed
260 _aLondon
_bCharles Griffin & Co
_c1952
270 _a42, Drury Lane London
300 _av 2. 676
_b24cm(Hb)
650 _aMathematical statistics.
650 _aStatistics.
700 _aStuart, Alan
942 _2ddc
_cEN
_h310.1
_mKEN
999 _c136505
_d136505